000 01324nam a2200313 i 4500
003 EG-GICUC
005 20260121101531.0
008 251222s2000 ua ||||fr|||| 00| 0 ara d
017 _a2000/60501
040 _a EG-GICUC
_bara
_c EG-GICUC
_d EG-GICUC
_erda
041 0 _aara
082 0 4 _221
_a345.4391
_bم ح . و
092 0 4 _221
099 _aLaw1 07 345.4391 م ح . و 1 ed - 2000
100 0 _aمحمد السيد أحمد
_eمؤلف.
245 1 2 _aالوسيط في شرح تسويات حالات العاملين المدنيين بالدولة :
_bالخاضعين للقانون ٤٧ لسنة ۱۹۷۸ وتعديلات القانون رقم ٤ ، ٥ لسنة ٢٠٠٠ /
_cمحمد السيد أحمد ، علاء محمد عبد الحميد.
250 _aالطبعة الأولى
264 1 _aالقاهرة :
_bالمكتب الفنى للإصدارات القانونية،
_c2000.
300 _a205 ؛ صفحة
_c24 سم.
336 _2rda content
_atext
337 _2rda media
_aComputer
338 _2rda carrier
_aOnline Resource
546 _aالنص باللغة العربية
650 1 4 _aتصحيح أوضاع العاملين
650 1 4 _aالقانون الإدارى
856 4 0 _uhttps://fll.law.cu.edu.eg/fulltext/bks/B07-01714.pdf
905 _a77
942 _2ddc
_cBK
_e21
_n0
999 _c52104
_d52104